Udržateľný marketing a udržateľná spotreba (1) zborník vedeckých statí z výskumného projektu VEGA č. 1/0418/11

Gespeichert in:
Bibliographische Detailangaben
Körperschaft: Ekonomická univerzita v Bratislave. Obchodná fakulta
Weitere Verfasser: Miklošík, Andrej, Klabusayová, Naděžda, Labská, Helena, Hanuláková, Eva, 1964-
Format: Buch
Sprache:Slowakisch
Englisch
Tschechisch
Veröffentlicht: Bratislava Vydavateľstvo EKONÓM 2011
Schlagworte:
Tags: Tag hinzufügen
Keine Tags, Fügen Sie das erste Tag hinzu!

MARC

LEADER 00000nlm$a2200000$$$4500
001 0144533
005 20240502072607.0
022 |a 978-80-225-3279-2 
041 0 |a slo 
041 0 |a eng 
041 0 |a cze 
044 |a SK 
245 1 0 |a Udržateľný marketing a udržateľná spotreba (1)  |b zborník vedeckých statí z výskumného projektu VEGA č. 1/0418/11  |c Dana Voukounová a kol. ; zostavil Andrej Miklošík 
264 1 |a Bratislava  |b Vydavateľstvo EKONÓM  |c 2011 
300 |a CD-ROM [123 s.] 
610 2 0 |a marketing 
610 2 0 |a spotreba 
610 2 0 |a rozvoj hospodársky 
610 2 0 |a správanie spotrebiteľa 
700 1 |a Miklošík, Andrej 
700 1 |a Klabusayová, Naděžda 
700 1 |a Labská, Helena 
700 1 |a Hanuláková, Eva, 1964- 
710 2 |a Ekonomická univerzita v Bratislave. Obchodná fakulta